The spanish story of the Armada and other essays / (Record no. 54616)

MARC details
000 -LEADER
campo de control de longitud fija 00757nam a22002415i 4500
001 - NÚMERO DE CONTROL
campo de control 54616
003 - IDENTIFICADOR DE NÚMERO DE CONTROL
campo de control ES-MaACL
005 - FECHA Y HORA DE LA ÚLTIMA TRANSACCIÓN
campo de control 20251009181735.0
007 - CAMPO FIJO DE DESCRIPCIÓN FÍSICA--INFORMACIÓN GENERAL
campo de control de longitud fija t|
008 - DATOS DE LONGITUD FIJA--INFORMACIÓN GENERAL
campo de control de longitud fija 960723s1909 xxk ||||1| eng d
040 ## - FUENTE DE CATALOGACIÓN
Centro catalogador/agencia de origen CAM
Lengua de catalogación spa
Centro/agencia transcriptor CAM
100 1# - ENTRADA PRINCIPAL--NOMBRE DE PERSONA
Nombre de persona Froude, James Anthony.
9 (RLIN) 52757
245 14 - MENCIÓN DEL TÍTULO
Título The spanish story of the Armada and other essays /
Mención de responsabilidad, etc. by James Anthony Froude.
250 ## - MENCION DE EDICION
Mención de edición New ed.
260 ## - PUBLICACIÓN, DISTRIBUCIÓN, ETC.
Lugar de publicación, distribución, etc. London [etc] :
Nombre del editor, distribuidor, etc. Longmans, Green and co.,
Fecha de publicación, distribución, etc. 1909.
300 ## - DESCRIPCIÓN FÍSICA
Extensión 394 p. ;
Dimensiones 19 cm.
600 04 - PUNTO DE ACCESO ADICIONAL DE MATERIA--NOMBRE DE PERSONA
Nombre de persona Pérez, Antonio,
Fechas asociadas al nombre 1540-1611
9 (RLIN) 90557
600 00 - PUNTO DE ACCESO ADICIONAL DE MATERIA--NOMBRE DE PERSONA
Nombre de persona Teresa de Jesús,
Títulos y otros términos asociados al nombre Santa,
Fechas asociadas al nombre 1515-1582
9 (RLIN) 226510
650 14 - PUNTO DE ACCESO ADICIONAL DE MATERIA--TÉRMINO DE MATERIA
Término de materia o nombre geográfico como elemento de entrada Armada Invencible, 1588.
9 (RLIN) 9965
651 #4 - PUNTO DE ACCESO ADICIONAL DE MATERIA--NOMBRE GEOGRÁFICO
Nombre geográfico Noruega-
Subdivisión general Descripción.
9 (RLIN) 9123
852 ## - LOCALIZACIÓN
Ubicación ES-MaACL
Número de control de estantería D-5096
Holdings
Estatus retirado Estado de pérdida Estado de daño No para préstamo Biblioteca de origen Biblioteca actual Ubicación en estantería Fecha de adquisición Fuente de adquisición Total de préstamos Signatura topográfica completa Código de barras Visto por última vez Precio de reemplazo Tipo de ítem Koha
        Biblioteca del Ateneo de Madrid Biblioteca del Ateneo de Madrid Sala Valle Inclán 17/01/2008     D-5096 901057388 23/02/2023 23/02/2023 Libro impreso